Ocel má perspektivu.

Postavenie ocele na materiálovom trhu. Spotreba ocele, inovačný potenciál ocele. Pôsobenie štruktúrnych a organizačných zmien na modernizáciu a ekologizáciu hutníckeho cyklu vo vyspelých krajinách. Oceliarsky priemysel budovaný na zásadách high technology.

Guardado en:
Detalles Bibliográficos
Autor principal: Sommer, B.
Formato: Capítulo de libro
Lenguaje:checo
Materias:
Etiquetas: Agregar Etiqueta
Sin Etiquetas, Sea el primero en etiquetar este registro!

MARC

LEADER 00000naa a2200000 4500
001 r013812
005 20221205080518.2
041 0 |a cze 
044 |a CZ 
245 1 0 |a Ocel má perspektivu.  |c B. Sommer 
520 |a Postavenie ocele na materiálovom trhu. Spotreba ocele, inovačný potenciál ocele. Pôsobenie štruktúrnych a organizačných zmien na modernizáciu a ekologizáciu hutníckeho cyklu vo vyspelých krajinách. Oceliarsky priemysel budovaný na zásadách high technology. 
610 2 0 |a oceľ 
610 2 0 |a hutníctvo 
610 2 0 |a spotreba kovov 
610 2 0 |a trh svetový 
100 1 |a Sommer, B.